000 00757nam a22001337a 4500
040 _cRUA
082 _aAGR NIN 2010 B064 Or.1
100 _aNIN, BUNNOEUN.
245 _aeffets de systeme en labour et en scv sur ph et ce dans la station experimentale de chamkaleur (ឥទ្ធិពលនៃការភ្ជួរ និង មិនភ្ជួរដីដោយប្រើដំណំាគំរបដីនៅលើ ប៉េហាស់​ និង ភាពប្រៃរបស់ដី នៅស្ថានីយ៍ពីសោធន៍ចំការលើ)
260 _aPhnom Penh
_bRUA
_c2010
300 _ax, 50p.
_bill.
_c29cm.
856 _uhttps://drive.google.com/file/d/1Mla9wqn5GO00KN46IH2MM19lcwPuV49S/view?usp=sharing
942 _cAGR
999 _c1460
_d1460